• 首页
  • 本馆介绍
  • 公告通知
  • 最新文献
  • 馆藏检索
  • 电子资源
  • 读者导购
  • 参考咨询
  • 我的图书馆
  • 登录
  • 详细信息显示
  • 放入我的书架
  • 预约/预借图书
  • 作者相关作品
  • 分类相关作品
  • 丛书相关作品
  • 出版社相关作品

书目信息

  • 表格格式
  • 工作单格式
  • 卡片格式
题名:
列子译注
    
 
作者: 白冶钢 译注
分册:  
出版信息: 上海   上海三联书店  2018
页数: 349页
开本: 21cm
丛书名:
单 册:
中图分类: B223.2
科图分类:
主题词: 道家
电子资源:
ISBN: 978-7-5426-6310-8
000 00927nam0 2200277 450
001 012001012124
005 20191125111501.40
010    @a978-7-5426-6310-8@dCNY28.80
100    @a20181129d2018 em y0chiy50 ea
101 0  @achi
102    @aCN@b310000
105    @ay z 000yy
106    @ar
200 1  @a列子译注@9lie zi yi zhu@f白冶钢译注
205    @a2版
210    @a上海@c上海三联书店@d2018
215    @a349页@d21cm
300    @a国学经典
330    @a本书对《列子》进行译注,《列子》又名《冲虚经》,是道家重要典籍。该书按章节分为《天瑞》《黄帝》《周穆王》《仲尼》《汤问》《力命》《杨朱》《说符》八篇,每一篇均有多个寓言故事组成,寓道于事。本书以原文、注释、译文的形式对经典著作进行注解。
605    @a《列子》@x译文
605    @a《列子》@x注释
606 0  @a道家
690    @aB223.2@v5
701  0 @a白冶钢@9bai ye gang@4译注
801  0 @aCN@b上海新华@c20191020
905    @b1178578-81@dB223.2@e894=2@f4
    
    列子译注/白冶钢译注.-2版.-上海:上海三联书店,2018
    349页;21cm
    国学经典
    
    ISBN 978-7-5426-6310-8:CNY28.80
    本书对《列子》进行译注,《列子》又名《冲虚经》,是道家重要典籍。该书按章节分为《天瑞》《黄帝》《周穆王》《仲尼》《汤问》《力命》《杨朱》《说符》八篇,每一篇均有多个寓言故事组成,寓道于事。本书以原文、注释、译文的形式对经典著作进行注解。
●
相关链接 在E读中查询图书 在五车中查询图书 在当当中查询图书 在豆瓣中查询图书


正题名:列子译注     索取号:B223.2/894=2         预约/预借

序号 登录号 条形码 馆藏地/架位号 状态 备注
1 1178578   211785781   第一样本阅览室/ [索取号:B223.2/894=2] 在馆    
2 1178579   211785790   第一借阅区/ [索取号:B223.2/894=2] 在馆    
3 1178580   211785807   第一借阅区/ [索取号:B223.2/894=2] 在馆    
4 1178581   211785816   第一借阅区/ [索取号:B223.2/894=2] 在馆    
唐山师范学院图书馆 欢迎您!
大连网信软件有限公司© 版权所有